| 000 | 01172cam a2200349 a 4500 | ||
|---|---|---|---|
| 001 | 15479568 | ||
| 003 | USPCAS-E | ||
| 005 | 20180118181414.0 | ||
| 008 | 081007s2009 flua b 001 0 eng | ||
| 010 | _a 2008043509 | ||
| 020 | _a9781420072020 (alk. paper) | ||
| 020 | _a1420072021 (alk. paper) | ||
| 035 | _a(OCoLC)ocn172980299 | ||
| 035 | _a(OCoLC)172980299 | ||
| 040 |
_aDLC _cDLC _dBTCTA _dBAKER _dYDXCP _dC#P _dCDX _dDLC |
||
| 050 | 0 | 0 |
_aTJ260 _b.J36 2009 |
| 082 | 0 | 0 |
_a621.4022 _222 _bJAN-E 2009 |
| 100 | 1 | _aJanna, William S. | |
| 245 | 1 | 0 |
_aEngineering heat transfer/ _cWilliam S. Janna. |
| 250 | _a3rd ed. | ||
| 260 |
_aBoca Raton : _bCRC Press, _cc2009. |
||
| 300 |
_a1 v. (various pagings) : _bill. ; _c27 cm. |
||
| 490 | 1 | _aHeat transfer | |
| 502 | _a0 | ||
| 504 | _aIncludes bibliographical references and index. | ||
| 650 | 0 |
_aHeat _xTransmission. |
|
| 650 | 0 | _aHeat exchangers. | |
| 830 | 0 | _aHeat transfer (Boca Raton, Fla.) | |
| 906 |
_a7 _bcbc _corignew _d1 _eecip _f20 _gy-gencatlg |
||
| 942 |
_2ddc _cBK |
||
| 999 |
_c355812 _d355812 |
||